Solution to youth’s problem

Պահպանված է:
Մատենագիտական մանրամասներ
Հիմնական հեղինակ: CHOWDHRY, Asghar Ali
Ձևաչափ: Գիրք
Լեզու:անգլերեն
Հրապարակվել է: Adam Publishers 2016.
Ցուցիչներ: Ավելացրեք ցուցիչ
Չկան պիտակներ, Եղեք առաջինը, ով նշում է այս գրառումը!

MARC

LEADER 00000nam a22000007a 4500
008 211215b ||||| |||| 00| 0 eng d
020 |a  81-7435-110-8 
100 |a CHOWDHRY, Asghar Ali 
245 |a Solution to youth’s problem  |c Asghar Ali Chowdhry  |g  180p. 
260 |b Adam Publishers  |c  2016.   |h New Delhi  |i 691312   |l RJ506 .C45  |m Problem youth - Behaviour modification  |m Title. 
942 |a lcc  |c BK  |e Ifatola, J. O.  |f 15/ 12/ 2021 
952 |0 0  |1 0  |2 lcc  |4 0  |6 RJ0506 C45  |7 0  |9 3963  |a HOL  |b HOL  |c QZ  |d 2021-12-15  |l 0  |o RJ506 .C45  |p 2021-67686  |r 2021-12-15 00:00:00  |t 691312  |w 2021-12-15  |y BK 
999 |c 1989  |d 1989